بھا ر کے د ا نشو ر و ن کے د ر میا ن - علیم صبا نو ید ی / (Record no. 147284)

MARC details
000 -LEADER
fixed length control field 00850nam a22001937a 4500
005 - DATE AND TIME OF LATEST TRANSACTION
control field 20230217104011.0
010 ## - LCCN (DPL NO)
LC control number UR-9910
020 ## - INTERNATIONAL STANDARD BOOK NUMBER
International Standard Book Number 978938285881
Terms of availability 400.00
035 ## - SYSTEM CONTROL NUMBER
System control number U-8465
037 ## - SOURCE OF ACQUISITION
Source of stock number/acquisition DBAD/PUB
082 ## - DEWEY DECIMAL CLASSIFICATION NUMBER
Classification number 840.8
100 ## - MAIN ENTRY--PERSONAL NAME
Personal name علی منیر
245 ## - TITLE STATEMENT
Title بھا ر کے د ا نشو ر و ن کے د ر میا ن - علیم صبا نو ید ی /
Statement of responsibility, etc علی منیر
246 ## - VARYING FORM OF TITLE
Title proper/short title Aleem Saba Nawedi-Bihar ke Danishwaron ke Darmiyan
Remainder of title by Ali Muneer
260 ## - PUBLICATION, DISTRIBUTION, ETC. (IMPRINT)
Place of publication, distribution, etc Delhi
Name of publisher, distributor, etc Educational Publishing House
Date of publication, distribution, etc 2016 ء
270 ## - ADDRESS
Address 3191,Vakil Street,Kucha Pandit,Lal Kuan
City Delhi
Postal code 110006
Telephone number 23216162
Fax number -
300 ## - PHYSICAL DESCRIPTION
Extent 223 ص
Dimensions 22cm(Hb)
942 ## - ADDED ENTRY ELEMENTS (KOHA)
Source of classification or shelving scheme Dewey Decimal Classification
Item type Urdu Bks
Classification part 840.8
Call number suffix ع ل ی
Edition
Holdings
Withdrawn status Lost status Not for loan Collection code Home library Current library Date acquired Source of acquisition Cost, normal purchase price Full call number Barcode Copy number Cost, replacement price Koha item type
      Non-fiction Patel Nagar Patel Nagar 10/11/2017 DBAD/PUB. 400.00 840.8 ع ل ی U-8465 1 400.00 Urdu Bks

© Delhi Public Library
Hit Counter
free hit counter